书目信息 |
| 题名: |
教学机智
|
|
| 作者: | 范梅南 著 ;李树英 译 | |
| 分册: | ||
| 出版信息: | 北京 教育科学出版社 2001.06 |
|
| 页数: | 293页 | |
| 开本: | 24cm | |
| 丛书名: | 世界课程与教学新理论文库 | |
| 单 册: | ||
| 中图分类: | G40 | |
| 科图分类: | ||
| 主题词: | 教育学--研究 | |
| 电子资源: | 全文 | |
| ISBN: | 7-5041-2137-1 | |
| 000 | 01403oam2 2200325 450 | |
| 001 | 2539978310 | |
| 005 | 20250311111139.40 | |
| 010 | @a7-5041-2137-1@dCNY32.00 | |
| 035 | @a(011001)c2001076415 | |
| 100 | @a20021005d2001 emky0chiy0110 ea | |
| 101 | 1 | @achi@ceng |
| 102 | @aCN@b110000 | |
| 105 | @aa z 000yy | |
| 200 | 1 | @a教学机智 @9jiao xue ji zhi @d=The Tact of Teaching:The Meaning of Pedagogical Thoughtfulness@e教育智慧的意蕴 @f(加)马克斯·范梅南(Max Van Manen)著 @g李树英译 |
| 210 | @a北京@c教育科学出版社@d2001.06 | |
| 215 | @a293页@c照片@d24cm | |
| 225 | 2 | @a世界课程与教学新理论文库 |
| 300 | @a“十五”国家重点图书出版规划项目 国家教育部普通高等学校人文社会科学重点研究基地华东师范大学课程与教学研究所研究项目 | |
| 330 | @a本书内容包括:迈向智慧教育学、教育学的概念、教育的时机、教育学的性质、教育学的实践、机智的性质等。 | |
| 461 | 0 | @12001 @a世界课程与教学新理论文库 |
| 503 | @n河南城建学院图书馆 | |
| 510 | 1 | @aThe Tact of Teaching@eThe Meaning of Pedagogical Thoughtfulness@zeng |
| 510 | 1 | @aThe Tact of Teaching:The Meaning of Pedagogical Thoughtfulness |
| 606 | 0 | @a教育学@x研究 |
| 690 | @aG40@v4 | |
| 701 | 0 | @c(加)@a范梅南@c(Van Manen, Max)@9fan mei nan@4著 |
| 702 | 0 | @a李树英@9li shu ying@4译 |
| 801 | 0 | @aCN@bMuseLib.NET@c20021005 |
| 856 | 4 | @uhttp://doi.nlc.cn/nlcdoi/108.ndlc.2.1100009031010001/T1F24.012001081210@z全文 |
| 905 | @aZUCC@dG40@eF124 | |
| 教学机智 =The Tact of Teaching:The Meaning of Pedagogical Thoughtfulness:教育智慧的意蕴 /(加)马克斯·范梅南(Max Van Manen)著 /李树英译.-北京:教育科学出版社,2001.06 |
| 293页:照片;24cm.-(世界课程与教学新理论文库) |
| “十五”国家重点图书出版规划项目 国家教育部普通高等学校人文社会科学重点研究基地华东师范大学课程与教学研究所研究项目 |
| ISBN 7-5041-2137-1:CNY32.00 |
| 本书内容包括:迈向智慧教育学、教育学的概念、教育的时机、教育学的性质、教育学的实践、机智的性质等。 |
| ● |
| 相关链接 |
|
|
|
正题名:教学机智
索取号:G40/F124
 
预约/预借
| 序号 | 登录号 | 条形码 | 馆藏地/架位号 | 状态 | 备注 |
| 1 | 1554788 | 215547889 | 材料与化工学院资料室/ [索取号:G40/F124] | 在馆 |